00403nam a22001577a 4500003000400000005001700004008004100021020001800062050002300080100001900103245003300122260004400155300003100199521000700230526000800237OSt20140310184458.0131011t xxu||||| |||| 00| 0 eng d a9780439446150 aPZ 7b.B146d8 2002 aBaglio, Ben M. aDancing the SeascBen Baglio aNew York:bApple Paperback Inc.cc2002. a158 p. : bill. ; c20 cm. aG5 c750